| 000 | 01291cam a2200289 a 4500 | ||
|---|---|---|---|
| 001 | 16305331 | ||
| 005 | 20170105102913.0 | ||
| 008 | 100625s2011 ctu b 001 0 eng | ||
| 010 | _a 2010026281 | ||
| 020 | _a9780300159974 (cloth : alk. paper) | ||
| 040 |
_aDLC _cDLC |
||
| 043 | _ae-ur--- | ||
| 050 | 0 | 0 |
_aDK266.45 _b.H37 2011 |
| 082 | 0 | 0 |
_a327.47009/04 _222 |
| 100 | 1 | _aHaslam, Jonathan. | |
| 245 | 1 | 0 |
_aRussia's Cold War : _bfrom the October Revolution to the fall of the wall / _cJonathan Haslam. |
| 260 |
_aNew Haven : _bYale University Press, _cc2011. |
||
| 300 |
_axvii, 523 p. ; _c25 cm. |
||
| 504 | _aIncludes bibliographical references and index. | ||
| 505 | 0 | _aUnderlying antagonisms -- Ideology triumphant -- Cominformity -- On the offensive in Asia -- Thaw -- Sudden frost -- Taking the world to the brink -- Détente -- The impact of Vietnam -- Détente fails -- The Reagan presidency -- Down comes the wall. | |
| 650 | 0 | _aCold War. | |
| 651 | 0 |
_aSoviet Union _xForeign relations _y1917-1945. |
|
| 651 | 0 |
_aSoviet Union _xForeign relations _y1945-1991. |
|
| 906 |
_a0 _bvip _corignew _d1 _eecip _f20 _gy-gencatlg |
||
| 942 |
_2ddc _cBK |
||
| 999 |
_c15227 _d15227 |
||